Higher Education in Federal Countries: (Record no. 188951)

MARC details
000 -LEADER
fixed length control field 00671nam a2200217 4500
005 - DATE AND TIME OF LATEST TRANSACTION
control field 20220608113604.0
010 ## - LCCN (DPL NO)
LC control number ENG-133117
020 ## - INTERNATIONAL STANDARD BOOK NUMBER
International Standard Book Number 978-93-528-0671-3
Terms of availability 1395.00
035 ## - SYSTEM CONTROL NUMBER
System control number EN-116649
037 ## - SOURCE OF ACQUISITION
Source of stock number/acquisition DBAD/PUB
082 ## - DEWEY DECIMAL CLASSIFICATION NUMBER
Classification number 378
245 ## - TITLE STATEMENT
Title Higher Education in Federal Countries:
Remainder of title A Comparative Study/
Statement of responsibility, etc edited by Martin Carnoy...[et.al.]
250 ## - EDITION STATEMENT
Edition statement 1st
260 ## - PUBLICATION, DISTRIBUTION, ETC. (IMPRINT)
Place of publication, distribution, etc New Delhi
Name of publisher, distributor, etc Sage
Date of publication, distribution, etc 2018
270 ## - ADDRESS
Address B1/I-1 Mohan Cooperative Industrial Area, Mathura Road
City New Delhi
Postal code 110044
300 ## - PHYSICAL DESCRIPTION
Extent 478p.
Dimensions 22cm(hbk)
700 ## - ADDED ENTRY--PERSONAL NAME
Personal name Froumin, Isak
700 ## - ADDED ENTRY--PERSONAL NAME
Personal name Leshukov, Oleg
700 ## - ADDED ENTRY--PERSONAL NAME
Personal name Marginson, Simon
942 ## - ADDED ENTRY ELEMENTS (KOHA)
Source of classification or shelving scheme Dewey Decimal Classification
Item type English Books
Classification part 378
Call number suffix HIG
Holdings
Withdrawn status Lost status Not for loan Collection code Home library Current library Date acquired Source of acquisition Cost, normal purchase price Full call number Barcode Copy number Cost, replacement price Koha item type
      Non-fiction Patel Nagar Patel Nagar 08/06/2022 DBAD/PUB 1395.00 378 HIG EN-116649 1 1395.00 English Books

© Delhi Public Library
Hit Counter
free hit counter